BEST practices in prevention

Guardat en:
Dades bibliogràfiques
Format: Llibre
Idioma:anglès
Publicat: Sage 2013
Etiquetes: Afegir etiqueta
Sense etiquetes, Sigues el primer a etiquetar aquest registre!

MARC

LEADER 00000nam a22000007a 4500
008 210609b ||||| |||| 00| 0 eng d
020 |a 978-1-4522-5797-6 
245 |a BEST practices in prevention  |c Sally Hage, John L. Romano  |g vii, 59p.; ill 
260 |b  Sage  |c  2013  |h  Los Angeles  |i 693317   |i  693318  |l RA790 .B46  |m Preventive mental health services – standards  |m Health promotion – standard 
500 |a “It includes references and index”  
942 |a lcc  |c BK  |e Adekanye, I.H.  |f 09/05/2021 
952 |0 0  |1 0  |2 lcc  |4 0  |6 RA0790 B46  |7 0  |9 2550  |a HOL  |b HE  |c QZ  |d 2021-06-09  |l 0  |o RA790 .B46  |p 2021-6401  |r 2021-06-09 00:00:00  |w 2021-06-09  |y BK 
952 |0 0  |1 0  |2 lcc  |4 0  |6 RA0790 B46  |7 0  |9 2551  |a HOL  |b HOL  |c QZ  |d 2021-06-09  |l 0  |o RA790 .B46  |p 2021-6402  |r 2021-06-09 00:00:00  |w 2021-06-09  |y BK 
999 |c 1331  |d 1331